Official Language to Flag - Europe - Statistics

General Stats
  • This quiz has been taken 47 times
  • The average score is 37 of 42
Answer Stats
Picture Answer % Correct
English
100%
English | Irish
100%
French
100%
Italian
100%
Russian
100%
Dutch
98%
Dutch | French | German
98%
German
98%
Greek
98%
Spanish
98%
Swedish
98%
Polish
95%
Serbo-Croatian
95%
Finnish | Swedish
93%
Albanian
90%
Portuguese
90%
Belarusian | Russia
88%
Czech
88%
Danish
88%
French | German | Italian | Romansh
88%
German
88%
Hungarian
88%
Serbo-Croatian
88%
Bulgarian
85%
Icelandic
85%
Romanian
85%
Ukrainian
85%
Albanian | Macedonian
83%
Estonian
83%
Italian
83%
Norwegian | Sámi
83%
French | German | Luxembourgish
80%
Serbo-Croatian
80%
Slovak
80%
Slovenian
80%
Italian
78%
Lithuanian
78%
Albanian | Serbo-Croatian
76%
French
76%
Romanian
71%
Serbo-Croatian
66%
Catalan
59%
No matching quizzes found
Score Distribution
Percent of People with Each Score
Percentile by Number Answered
Your Score History
You have not taken this quiz